| 000 | 00740nam a22002055i 4500 | ||
|---|---|---|---|
| 001 | 154716 | ||
| 003 | ES-MaACL | ||
| 005 | 20250809031526.0 | ||
| 008 | 980928s1881 sp |||| | spa d | ||
| 040 |
_aCAM _bspa _cCAM |
||
| 100 | 1 |
_aGracia Cantalapiedra, José. _9127514 |
|
| 245 | 1 | 0 |
_aTratado histórico-legal de la institución de los pósitos en España / _cpor José Gracia Cantalapiedra. |
| 260 |
_aMadrid : _b[s.n., _cs.a.] ( _fimprenta de Campuzano) |
||
| 300 |
_a491 p. ; _c25 cm. |
||
| 596 | _aPrólogo fechado en 1881. | ||
| 650 | 0 | 7 |
_aDerecho mercantil _2embne _9135891 |
| 650 | 4 |
_aPósitos- _zEspaña. _9142092 |
|
| 852 |
_aES-MaACL _jF-8970 _z-- Enc. pasta española _q-- Contiene 478, XXIV p. |
||
| 999 |
_c154716 _d154716 |
||